Astros lineups without injuries - Statistics

General Stats
  • This quiz has been taken 15 times
  • The average score is 10 of 10
Answer Stats
Answer % Correct
Cam Smith
100%
Carlos Correa
100%
Christian Walker
100%
Hunter Brown
100%
Jake Meyers
100%
Jeremy Pena
100%
Yordan Alvarez
100%
Jose Altuve
93%
Yanier Diaz
93%
Isaac Paredes
86%
No matching quizzes found
Score Distribution
Percent of People with Each Score
Percentile by Number Answered
Your Score History
You have not taken this quiz